000 00468 a2200169 4500
003 OSt
005 20240110151445.0
008 240110b |||||||| |||| 00| 0 eng d
020 _a9789382581116
040 _coclc
082 _a297
_bPAL/P
100 _aPalakkazhi, Usman
_910256
245 _aPrakashakiranangal /
_cUsman Palakkazhi
260 _aKerala:
_bDa'wa books,
_c2012.
300 _a112p
942 _2ddc
_cBK
_h297
_iPAL/P
_k297
_mPAL/P
999 _c43061
_d43061